000
00339 a2200157 4500
001
72142
020
_a
040
_c
Anchieta - Colégio São Paulo
100
_a
Rocha, Kátia
240
1
0
_a
A magia do lixo
_l
por
245
1
0
_a
A magia do lixo
300
_a
20
362
0
_a
2004
650
4
_a
Literatura infanto-juvenil
942
_c
BK
999
_c
72142
_d
72142